00721nam a2200205 a 450000100100000000500170001000800410002702000150006804000250008308200250010824500720013325000110020526000340021630000280025065000470027865000350032504900090036095201290036999900170049800002322220200930022053.0101130s1985 sp a r 000 0 spa d a8485725166 aDO-SdBNPbspacBNPHU a599.356bA832c, 198500aAsí se cría y cuida el hamster /ccompilador Manuel Barberán. a4a ed. aBarcelona :bMarzo 80,c1985. a103 p. :bil. ;c21 cm. 4aHamsterxAlimentación y alimentos947809 4aHamsterxReproducción947810 aBNGR 001054708MOaGRbGRcCTd2010-11-30iLF1l0o599.356 A832c, 1985p23222-10r2020-06-25w2020-06-25y4ZPréstamo en sala c22719d22719